书目信息 |
| 题名: |
鄧文原集
|
|
| 作者: | 邓文原, 撰 ;罗琴 整理 | |
| 分册: | ||
| 出版信息: | 杭州 浙江人民美術出版社 2019.12 |
|
| 页数: | 22, 490页 | |
| 开本: | 21cm | |
| 丛书名: | 藝術文獻集成 | |
| 单 册: | ||
| 中图分类: | I214.72 | |
| 科图分类: | ||
| 主题词: | 中国文学--zhong guo wen xue--古典文学--作品集--元代 | |
| 电子资源: | ||
| ISBN: | 978-7-5340-7504-9 | |
| 000 | 01194nam 2200313 450 | |
| 001 | CAL 003911623 | |
| 005 | 20230217093111.0 | |
| 010 | @a978-7-5340-7504-9@dCNY89.80 | |
| 100 | @a20200401d2019 em y0chiy0120 ea | |
| 101 | 0 | @achi |
| 102 | @aCN@b330000 | |
| 105 | @aa z 000zy | |
| 106 | @ar | |
| 200 | 1 | @a鄧文原集@Adeng wen yuan ji@f(元) 鄧文原 |
| 210 | @a杭州@c浙江人民美術出版社@d2019.12 | |
| 215 | @a22, 490页@c图@d21cm | |
| 225 | 2 | @a藝術文獻集成@Ayi shu wen xian ji cheng |
| 314 | @a版权页题: 羅琴整理 | |
| 330 | @a“艺术文献集成”搜集中国古代艺术方面的经典原著, 以可靠的版本为底本, 并予以重新校点整理, 本书即是其中的一种。本书是元代诗人、艺术家邓文原的诗文集汇摘, 搜罗艺文, 考证精审。邓文原生前为侍讲学士, 卒谥文肃。其政绩卓著, 为一代廉吏, 其文章出众, 也堪称元初文坛泰斗, 《元史》有传。 | |
| 410 | 0 | @12001 @a藝術文獻集成 |
| 518 | 1 | @a邓文原集 |
| 606 | 0 | @a中国文学@Azhong guo wen xue@x古典文学@x作品集@z元代 |
| 690 | @aI214.72@v5 | |
| 701 | 0 | @a邓文原,@Adeng wen yuan@f元代@4撰 |
| 702 | 0 | @a罗琴@Aluo qin@4整理 |
| 730 | 1 | @a鄧文原@Adeng wen yuan@4撰 |
| 730 | 1 | @a羅琴@Aluo qin@4整理 |
| 801 | 0 | @aCN@bBJXHZP@c20230228 |
| 905 | @b1399660-3@dI214.72@e1154@f4 | |
| 鄧文原集/(元) 鄧文原.-杭州:浙江人民美術出版社,2019.12 |
| 22, 490页:图;21cm.-(藝術文獻集成) |
| ISBN 978-7-5340-7504-9:CNY89.80 |
| “艺术文献集成”搜集中国古代艺术方面的经典原著, 以可靠的版本为底本, 并予以重新校点整理, 本书即是其中的一种。本书是元代诗人、艺术家邓文原的诗文集汇摘, 搜罗艺文, 考证精审。邓文原生前为侍讲学士, 卒谥文肃。其政绩卓著, 为一代廉吏, 其文章出众, 也堪称元初文坛泰斗, 《元史》有传。 |
| ● |
| 相关链接 |
|
|
|
|
正题名:鄧文原集
索取号:I214.72/1154
 
预约/预借
| 序号 | 登录号 | 条形码 | 馆藏地/架位号 | 状态 | 备注 |
| 1 | 1399660 | 213996602 | 第一样本阅览室/ [索取号:I214.72/1154] | 在馆 | |
| 2 | 1399661 | 213996611 | 第二借阅区/ [索取号:I214.72/1154] | 在馆 | |
| 3 | 1399662 | 213996620 | 第二借阅区/ [索取号:I214.72/1154] | 在馆 | |
| 4 | 1399663 | 213996639 | 第二借阅区/ [索取号:I214.72/1154] | 在馆 |